African art in the cycle of life / (Record no. 111845)

MARC details
000 -LEADER
campo de control de longitud fija 01482cam a2200361Li 4500
001 - NÚMERO DE CONTROL
campo de control 91301
005 - FECHA Y HORA DE LA ÚLTIMA TRANSACCIÓN
campo de control 20230411090049.0
008 - DATOS DE LONGITUD FIJA--INFORMACIÓN GENERAL
campo de control de longitud fija 010209s1997 dcu 000 0 eng d
035 ## - NÚMERO DE CONTROL DEL SISTEMA
Número de control de sistema (OCoLC)ocn468603571
040 ## - FUENTE DE CATALOGACIÓN
Centro catalogador/agencia de origen BDF
Lengua de catalogación fre
Centro/agencia transcriptor BDF
016 7# - NÚMERO DE CONTROL DE UNA AGENCIA BIBLIOGRÁFICA NACIONAL
Número de control del registro FRBNF375703780000004
Fuente FrPBN
020 ## - NÚMERO INTERNACIONAL ESTÁNDAR DEL LIBRO
Número Internacional Estándar del Libro 0874748216 (br)
020 ## - NÚMERO INTERNACIONAL ESTÁNDAR DEL LIBRO
Número Internacional Estándar del Libro 9780874748215 (br)
035 ## - NÚMERO DE CONTROL DEL SISTEMA
Número de control de sistema (OCoLC)468603571
082 1# - NÚMERO DE LA CLASIFICACIÓN DECIMAL DEWEY
Número de clasificación 709.607 4
Número de edición 22
049 ## - FONDOS LOCALES (OCLC)
Biblioteca depositaria GRAL
100 1# - ENTRADA PRINCIPAL--NOMBRE DE PERSONA
Nombre de persona Sieber, Roy.
Relación aut
245 10 - MENCIÓN DEL TÍTULO
Título African art in the cycle of life /
Mención de responsabilidad, etc. Roy Sieber and Roslyn Adele Walker ; [exhibition org. by] national museum of African art.
260 ## - PUBLICACIÓN, DISTRIBUCIÓN, ETC.
Lugar de publicación, distribución, etc. Washington :
Nombre del editor, distribuidor, etc. D.C. :
-- publ. for the national museum of African art by the Smithsonian institution press,
Fecha de publicación, distribución, etc. cop. 1997.
300 ## - DESCRIPCIÓN FÍSICA
Extensión 155 p. :
Otras características físicas ill. ;
Dimensiones 29 cm.
500 ## - NOTA GENERAL
Nota general Bibliogr. p. 149-155.
650 #7 - PUNTO DE ACCESO ADICIONAL DE MATERIA--TÉRMINO DE MATERIA
Término de materia o nombre geográfico como elemento de entrada Art primitif
Subdivisión geográfica Afrique
Subdivisión general Catalogues d'exposition.
Fuente del encabezamiento o término ram
650 #7 - PUNTO DE ACCESO ADICIONAL DE MATERIA--TÉRMINO DE MATERIA
Término de materia o nombre geográfico como elemento de entrada Sculpture
Subdivisión geográfica Afrique
Subdivisión general Catalogues d'exposition.
Fuente del encabezamiento o término ram
650 #7 - PUNTO DE ACCESO ADICIONAL DE MATERIA--TÉRMINO DE MATERIA
Término de materia o nombre geográfico como elemento de entrada Art
Subdivisión general Aspect social
Subdivisión geográfica Afrique
Subdivisión general Catalogues d'exposition.
Fuente del encabezamiento o término ram
655 #4 - TERMINO DE INDIZACIÓN--GENERO/FORMA
Datos o término principal de género/forma Exposition
Subdivisión geográfica Washington, D.C.
Subdivisión cronológica 1987-09-28
-- 1988-03-20.
700 1# - ENTRADA AGREGADA--NOMBRE PERSONAL
Nombre de persona Walker, Roslyn Adele.
Relación aut
710 2# - ENTRADA AGREGADA--NOMBRE DE ENTIDAD CORPORATIVA
Nombre de entidad corporativa o nombre de jurisdicción como elemento de entrada National museum of African art (Washington, DC)
Relación edt
856 42 - LOCALIZACIÓN Y ACCESO ELECTRÓNICOS
Materiales especificados Notice et cote du catalogue de la Bibliotháeque nationale de France
Identificador Uniforme de Recursos <a href="http://catalogue.bnf.fr/ark:/12148/cb37570378d">http://catalogue.bnf.fr/ark:/12148/cb37570378d</a>
886 1# - INFORMACIÓN DE CAMPO MARC FORÁNEO
2 intermrc
a 009
b ax-d---------------
886 2# - INFORMACIÓN DE CAMPO MARC FORÁNEO
2 intermrc
a 917
b --
o GEA
a 006796675
942 ## - ELEMENTOS DE ENTRADA SECUNDARIOS (KOHA)
Fuente del sistema de clasificación o colocación Clasificación de Library of Congress
Tipo de ítem Koha
994 ## -
-- C0
-- DRFGD
Holdings
Estatus retirado Estado de pérdida Fuente del sistema de clasificación o colocación Estado de daño No para préstamo Colección Biblioteca de origen Biblioteca actual Ubicación en estantería Fecha de adquisición Código de barras Visto por última vez Copia número Tipo de ítem Koha
    Clasificación de Library of Congress     Automatización y Procesos Técnicos Biblioteca Juan Bosch Biblioteca Juan Bosch Automatización y Procesos Técnicos (1er. Piso) 11/04/2023 00000084336 17/02/2019 1